| 000 | 00874nam a2200253Ia 4500 | ||
|---|---|---|---|
| 003 | OSt | ||
| 005 | 20220918111008.0 | ||
| 006 | a|||||r|||| 00| 0 | ||
| 007 | ta | ||
| 008 | 220915b |||||||| |||| 00| 0 hin d | ||
| 024 | _a209082 | ||
| 037 | _cReference Collections | ||
| 040 |
_aARTS _cARTS _bhin |
||
| 041 |
_2hin _ahin |
||
| 082 | _aP44,4:4k, 152L9.2 (RR) | ||
| 100 | _aनरवणे, विश्वनाथ दिनकर | ||
| 245 | 0 | _aभारतीय कहावत संग्रह | |
| 246 | _aBhāratīya kahāvat sangraha | ||
| 260 |
_aपुणे _bत्रिवेणी संगम _c1979 |
||
| 300 | _a792पृ0 | ||
| 490 | _vभाग 2 | ||
| 942 |
_hP44,4:4k, 152L9.2 (RR) _cREF |
||
| 999 |
_c116260 _d116260 |
||